LEADER 00389nab a2200145 i 4500 001 000000285370 003 CaOOAMICUS 005 20180831165312.0 008 180831n xx uu u0 0und r 013 $a38830 040 $aSeMil$bita 245 10$a[SENZA TITOLO]. 500 $aFévrier 1955. 773 0 $t1955.$d[S.l. : s.n.], 1955$w()96562 996 $6245$a[SENZA TITOLO]$9(OLS)http://semarc/title/354609 LEADER 00534nab a2200145 i 4500 001 000000316881 003 CaOOAMICUS 005 20180831173218.0 008 180831n xx uu u0 0und r 013 $a25962 040 $aSeMil$bita 100 1 $aMist=, Luigi.$0(OLS)http://semarc/name/88651 245 10$a[RECENSIONE DI: Ghirlanda..., Il diritto nella Chiesa mister..., 1990]. 773 0 $t[Gennaio-Dicembre].$g290-291$w()273994 996 $6245$a[RECENSIONE DI: Ghirlanda..., Il diritto nella Chiesa mister..., 1990]$9(OLS)http://semarc/title/390879